[Event "8th Ali Ipek Tournament 2020"]
[Site "Ankara"]
[Date "2020.03.06"]
[Round "3.3"]
[White "Vural, Burak"]
[Black "Pektas, Yigit"]
[Result "0-1"]
[WhiteElo "1604"]
[BlackElo "2161"]
[Annotator "ChessBase"]
[PlyCount "54"]
[EventDate "2020.03.04"]
[EventType "swiss"]
[EventCountry "TUR"]
[SourceTitle "playchess.com"]
[Source "ChessBase"]
[SourceQuality "1"]
[TimeControl "5400+30"]

1. e4 {[%emt 0:01:30]} c6 {[%emt 0:00:30]} 2. c4 {[%emt 0:04:30]} d5 {[%emt 0:00:00]} 3. exd5 {[%emt 0:00:30]} cxd5 {[%emt 0:00:00]} 4. cxd5 {[%emt 0:00:30]} Nf6 {[%emt 0:00:00]} 5. Qa4+ {[%emt 0:00:30]} Nbd7 {[%emt 0:00:00]} 6. Nc3 {[%emt 0:00:30]} g6 {[%emt 0:03:30]} 7. Bc4 {[%emt 0:04:30]} Bg7 {[%emt 0:00:30]} 8. d3 {[%emt 0:00:00]} O-O {[%emt 0:01:30]} 9. Nf3 {[%emt 0:02:00]} a6 {[%emt 0:00:30]} 10. O-O {[%emt 0:02:30]} b5 {[%emt 0:01:30]} 11. Qc2 {[%emt 0:07:30]} bxc4 {[%emt 0:00:30]} 12. dxc4 {[%emt 0:00:30]} Bb7 {[%emt 0:00:30]} 13. Re1 {[%emt 0:01:30]} Re8 {[%emt 0:00:00]} 14. Be3 {[%emt 0:04:30]} Rc8 {[%emt 0:02:00]} 15. Qe2 {[%emt 0:01:30]} Qc7 {[%emt 0:01:30]} 16. b3 {[%emt 0:01:30]} e6 {[%emt 0:00:30]} 17. dxe6 {[%emt 0:02:30]} Rxe6 {[%emt 0:03:30]} 18. Nd4 {[%emt 0:01:30]} Re7 {[%emt 0:00:00]} 19. f3 {[%emt 0:01:30]} Ng4 {[%emt 0:02:00]} 20. fxg4 {[%emt 0:00:30]} Bxd4 {[%emt 0:00:30]} 21. Qd3 {[%emt 1:00:30]} Bxc3 {[%emt 1:21:30]} 22. Qxc3 {[%emt 0:00:30]} Qc6 {[%emt 0:00:30]} 23. Qb2 {[%emt 0:00:30]} Rce8 {[%emt 0:00:00]} 24. Qf2 {[%emt 0:00:00]} Rxe3 {[%emt 0:00:00]} 25. Rxe3 {[%emt 0:00:00]} Rxe3 {[%emt 0:00:00]} 26. Rf1 {[%emt 0:00:00]} f6 {[%emt 0:00:00]} 27. Rd1 {[%emt 0:00:00]} Qe4 {[%emt 0:00:00]} 0-1

[Event "8th Ali Ipek Tournament 2020"]
[Site "Ankara"]
[Date "2020.03.07"]
[Round "3.4"]
[White "Yaver, Faik Emre"]
[Black "Saltik, Suleyman"]
[Result "1-0"]
[WhiteElo "2086"]
[BlackElo "1658"]
[Annotator "TA"]
[PlyCount "59"]
[EventDate "2020.03.04"]
[EventType "swiss"]
[EventCountry "TUR"]

{[%evp 9,59,3,7,0,12,0,22,10,7,0,7,23,43,48,59,57,45,42,45,2,100,97,122,127,125,0,11,15,65,-60,86,102,98,106,457,462,663,661,614,605,799,405,391,387,315,285,438,359,466,421,1085,1077]} 1. e4 e5 2. Nc3 Bc5 3. Nf3 Nc6 4. Bb5 a6 5. Ba4 Nf6 6. d3 {C77: Ruy Lopez: 3...a6 4 Ba4 Nf6, unusual lines.} h6 7. Be3 Qe7 8. Nd5 {The position is equal.} Nxd5 9. exd5 {Strongly threatening Bxc5.} Nd4 {Black wants to play ...Nxf3+.} 10. O-O {[#] Hoping for Bxd4.} b5 $146 ({Predecessor:} 10... O-O 11. c3 Nxf3+ 12. Qxf3 Bxe3 13. Qxe3 Qd6 14. Bb3 b6 15. Rae1 f6 16. d4 exd4 17. Qxd4 {1-0 (32) Birk Petersen,P (2215)-Samaritani,F Copenhagen 1992}) 11. Bxd4 Bxd4 12. Nxd4 bxa4 13. Re1 O-O 14. Qh5 Qb4 (14... f5 $11) 15. Qxe5 $16 {aiming for Nf5.} Qxb2 16. Rab1 Qc3 {and if ...d6 works, Black does fine.} 17. Re4 ({White should try} 17. d6 $16) 17... d6 $11 18. Qe7 $36 {[%mdl 2048] White has the initiative.} f5 19. Rh4 ({White should play} 19. Ne6 $14 Qf6 20. Qxf6 (20. Qxf8+ Qxf8 21. Nxf8 fxe4 $11) (20. Nxf8 fxe4 21. Qxf6 gxf6 $14) 20... Rxf6 21. Re2 (21. Nxc7 fxe4 22. Nxa8 exd3 $14) (21. Rxa4 Bxe6 22. dxe6 Rxe6 $14) 21... Bxe6 22. dxe6) 19... Bb7 (19... f4 $1 $15 {stays ahead.} 20. Nc6 Qxc2 {[%mdl 64] Double Attack}) 20. Qe6+ $16 Kh8 21. Nxf5 Rae8 $2 {[%mdl 8192] Black cannot hold the game after this.} ({Worse is} 21... Qxc2 22. Rxh6+ $1 {[%mdl 512]} gxh6 23. Qxh6+ Kg8 24. Qg7#) (21... Rf6 $16 {is tougher.} 22. Rc4 (22. Qd7 Rg8 $11) 22... Rxe6 23. Rxc3 Bxd5) 22. Ne7 $18 {Rxh6+! would kill now.} Rf6 (22... Qd2 $142 23. Ng6+ Kh7 24. Nxf8+ Rxf8 25. Qe4+ Kh8) 23. Ng6+ {[%mdl 64] Discovered Attack} Kh7 24. Qxe8 {Threatening mate with Rg4.} Qxc2 25. Rf1 {White threatens Rg4 and mate.} Rxg6 26. Qe4 {Intending Rg4 and mate.} Bc8 27. h3 ({Weaker is} 27. Qxa4 Qxa4 28. Rxa4 Bh3 $16) 27... Qb2 (27... Bd7 {is a better defense.} 28. a3 Qc3) 28. d4 Qxa2 29. Re1 {And now Re3 would win.} Qd2 {[#]} (29... a3 $142 30. Rf4 Qd2) 30. Re3 $1 {Accuracy: White = 74%, Black = 34%.} 1-0

[Event "8th Ali Ipek Tournament 2020"]
[Site "Ankara"]
[Date "2020.03.07"]
[Round "3.5"]
[White "Oktem, Ege Tuna"]
[Black "Akin, Yagiz Cinar"]
[Result "1/2-1/2"]
[WhiteElo "1546"]
[BlackElo "1861"]
[Annotator "NA RC"]
[PlyCount "89"]
[EventDate "2020.03.04"]
[EventType "swiss"]
[EventCountry "TUR"]
[TimeControl "5400+30"]

1. e4 {[%emt 0:00:30]} c5 {[%emt 0:00:30]} 2. c3 {[%emt 0:00:30]} d5 {[%emt 0:01:30]} 3. exd5 {[%emt 0:01:30]} Qxd5 {[%emt 0:00:30]} 4. d4 {[%emt 0:00:00]} Nc6 {[%emt 0:04:30]} 5. Nf3 {[%emt 0:01:00]} e5 {[%emt 0:04:30]} 6. Be2 {[%emt 0:15:30]} e4 {[%emt 0:18:30]} 7. Ne5 {[%emt 0:09:30]} Nxe5 {[%emt 0:00:30]} 8. dxe5 {[%emt 0:00:30]} Qxd1+ {[%emt 0:00:00]} 9. Bxd1 {[%emt 0:00:00]} Bd7 {[%emt 0:01:00]} 10. O-O {[%emt 0:02:00]} O-O-O {[%emt 0:00:30]} 11. Nd2 {[%emt 0:07:30]} f5 {[%emt 0:06:30]} 12. f4 {[%emt 0:02:30]} Bb5 {[%emt 0:01:30]} 13. c4 {[%emt 0:00:30]} Bc6 {[%emt 0:00:30]} 14. Nb3 {[%emt 0:00:30]} b6 {[%emt 0:01:30]} 15. a4 {[%emt 0:04:30]} Nh6 {[%emt 0:02:30]} 16. h3 {[%emt 0:01:30]} Be7 {[%emt 0:01:30]} 17. Be2 {[%emt 0:01:30]} Nf7 {[%emt 0:12:30]} 18. a5 {[%emt 0:01:30]} Kb7 {[%emt 0:00:30]} 19. Be3 {[%emt 0:01:30]} Rhg8 {[%emt 0:01:30]} 20. axb6 {[%emt 0:01:30]} axb6 {[%emt 0:00:00]} 21. Kh2 {[%emt 0:01:30]} Rdf8 {[%emt 0:06:00]} 22. g4 {[%emt 0:02:30]} g6 {[%emt 0:00:30]} 23. gxf5 {[%emt 0:02:30]} gxf5 {[%emt 0:00:30]} 24. Rg1 {[%emt 0:00:00]} Nd8 {[%emt 0:04:30]} 25. Rxg8 {[%emt 0:02:00]} Rxg8 {[%emt 0:00:30]} 26. Rg1 {[%emt 0:00:30]} Rxg1 {[%emt 0:00:00]} 27. Kxg1 {[%emt 0:00:30]} Ne6 {[%emt 0:00:00]} 28. Nd2 {[%emt 0:03:30]} Nd4 {[%emt 0:00:00]} 29. Bd1 {[%emt 0:00:30]} b5 {[%emt 0:04:00]} 30. Nb3 {[%emt 0:04:30]} Nxb3 {[%emt 0:05:30]} 31. Bxb3 {[%emt 0:00:30]} b4 {[%emt 0:00:30]} 32. Bc2 {[%emt 0:01:30]} Be8 {[%emt 0:01:30]} 33. Bd1 {[%emt 0:00:30]} Bf7 {[%emt 0:00:30]} 34. b3 {[%emt 0:00:30]} Kc6 {[%emt 0:00:30]} 35. Kf1 {[%emt 0:01:30]} Kd7 {[%emt 0:00:00]} 36. Ke1 {[%emt 0:00:30]} Ke8 {[%emt 0:00:00]} 37. Kd2 {[%emt 0:00:30]} Kf8 {[%emt 0:00:30]} 38. Bf2 {[%emt 0:00:00]} Kg7 {[%emt 0:00:30]} 39. Ke3 {[%emt 0:00:00]} Kh6 {[%emt 0:01:30]} 40. Be2 {[%emt 0:00:30]} Be6 {[%emt 0:00:30]} 41. Bg3 {[%emt 0:00:30]} Bf7 {[%emt 0:01:30]} 42. Bf2 {[%emt 0:00:30]} Bg6 {[%emt 0:00:30]} 43. Bg3 {[%emt 0:00:00]} Kg7 {[%emt 0:00:30]} 44. Bf2 {[%emt 0:01:00]} Kf8 {[%emt 0:00:30]} 45. Bg3 {[%emt 0:00:00]} 1/2-1/2

[Event "8th Ali Ipek Tournament 2020"]
[Site "Ankara"]
[Date "2020.03.06"]
[Round "3.6"]
[White "Ibik, Halit Zavuz"]
[Black "Ilarslan, Can"]
[Result "1-0"]
[WhiteElo "1991"]
[BlackElo "1630"]
[Annotator "ChessBase"]
[PlyCount "56"]
[EventDate "2020.03.04"]
[EventType "swiss"]
[EventCountry "TUR"]
[SourceTitle "playchess.com"]
[Source "ChessBase"]
[SourceQuality "1"]
[TimeControl "5400+30"]

1. e4 {[%emt 0:03:30]} e5 {[%emt 0:00:30]} 2. Nf3 {[%emt 0:00:30]} Nc6 {[%emt 0:00:30]} 3. Bb5 {[%emt 0:00:00]} a6 {[%emt 0:00:00]} 4. Ba4 {[%emt 0:00:00]} Nf6 {[%emt 0:00:00]} 5. O-O {[%emt 0:00:00]} Be7 {[%emt 0:00:30]} 6. Re1 {[%emt 0:00:00]} b5 {[%emt 0:00:30]} 7. Bb3 {[%emt 0:00:30]} O-O {[%emt 0:00:30]} 8. c3 {[%emt 0:00:30]} d5 {[%emt 0:00:30]} 9. exd5 {[%emt 0:00:30]} Nxd5 {[%emt 0:00:30]} 10. Nxe5 {[%emt 0:01:30]} Nxe5 {[%emt 0:00:30]} 11. Rxe5 {[%emt 0:00:00]} c6 {[%emt 0:00:30]} 12. d3 {[%emt 0:00:00]} Bd6 {[%emt 0:00:30]} 13. Re1 {[%emt 0:00:30]} Qh4 {[%emt 0:00:30]} 14. g3 {[%emt 0:01:30]} Qh3 {[%emt 0:00:30]} 15. Re4 {[%emt 0:01:30]} Nf6 {[%emt 0:16:30]} 16. Rh4 {[%emt 0:01:30]} Qf5 {[%emt 0:00:30]} 17. Bc2 {[%emt 0:47:30]} h5 {[%emt 0:35:30]} 18. d4 {[%emt 0:04:30]} Qd5 {[%emt 0:02:30]} 19. c4 {[%emt 0:04:30]} Qe6 {[%emt 0:11:30]} 20. Nc3 {[%emt 0:17:43]} g6 {[%emt 0:04:30]} 21. Bg5 {[%emt 0:04:40]} Nh7 {[%emt 0:03:57]} 22. d5 {[%emt 0:01:31]} cxd5 {[%emt 0:01:14]} 23. cxd5 {[%emt 0:00:06]} Qd7 {[%emt 0:02:45]} 24. Rxh5 {[%emt 0:08:41]} gxh5 {[%emt 0:00:30]} 25. Bxh7+ {[%emt 0:00:30]} Kxh7 {[%emt 0:00:30]} 26. Qxh5+ {[%emt 0:00:30]} Kg8 {[%emt 0:00:30]} 27. Bf6 {[%emt 0:00:30]} Qh3 {[%emt 0:00:30]} 28. Qg5+ {[%emt 0:00:30]} Kh7 1-0

[Event "8th Ali Ipek Tournament 2020"]
[Site "Ankara"]
[Date "2020.03.06"]
[Round "3.6"]
[White "Ibik, Halit Yavuz"]
[Black "Ilarslan, Can"]
[Result "1-0"]
[WhiteElo "1991"]
[BlackElo "1630"]
[Annotator "RC"]
[PlyCount "47"]
[EventDate "2020.03.04"]
[EventType "swiss"]
[EventCountry "TUR"]
[SourceTitle "playchess.com"]
[Source "ChessBase"]
[SourceQuality "1"]
[TimeControl "5400+30"]

1. e4 {[%emt 0:03:30]} e5 {[%emt 0:00:30]} 2. Nf3 {[%emt 0:00:30]} Nc6 {[%emt 0:00:30]} 3. Bb5 {[%emt 0:00:00]} a6 {[%emt 0:00:00]} 4. Ba4 {[%emt 0:00:00]} Nf6 {[%emt 0:00:00]} 5. O-O {[%emt 0:00:00]} Be7 {[%emt 0:00:30]} 6. Re1 {[%emt 0:00:00]} b5 {[%emt 0:00:30]} 7. Bb3 {[%emt 0:00:30]} O-O {[%emt 0:00:30]} 8. c3 {[%emt 0:00:30]} d5 {[%emt 0:00:30]} 9. exd5 {[%emt 0:00:30]} Nxd5 {[%emt 0:00:30]} 10. Nxe5 {[%emt 0:01:30]} Nxe5 {[%emt 0:00:30]} 11. Rxe5 {[%emt 0:00:00]} c6 {[%emt 0:00:30]} 12. d3 {[%emt 0:00:00]} Bd6 {[%emt 0:00:30]} 13. Re1 {[%emt 0:00:30]} Qh4 {[%emt 0:00:30]} 14. g3 {[%emt 0:01:30]} Qh3 {[%emt 0:00:30]} 15. Re4 {[%emt 0:01:30]} Nf6 {[%emt 0:16:30]} 16. Rh4 {[%emt 0:01:30]} Qf5 {[%emt 0:00:30]} 17. Bc2 {[%emt 0:47:30]} h5 {[%emt 0:35:30]} 18. d4 {[%emt 0:04:30]} Qd5 {[%emt 0:02:30]} 19. c4 {[%emt 0:04:30]} Qe6 {[%emt 0:11:30]} 20. Nc3 {[%emt 0:17:43]} g6 {[%emt 0:04:30]} 21. Bg5 {[%emt 0:04:40]} Nh7 {[%emt 0:03:57]} 22. d5 {[%emt 0:01:31]} cxd5 {[%emt 0:01:14]} 23. cxd5 {[%emt 0:00:06]} Qd7 {[%emt 0:02:45]} 24. Qxh5 {[%emt 0:07:13]} 1-0

[Event "8th Ali Ipek Tournament 2020"]
[Site "Ankara"]
[Date "2020.03.06"]
[Round "3.7"]
[White "Kolsuz, Umut"]
[Black "Ozalp, Burak"]
[Result "0-1"]
[WhiteElo "1551"]
[BlackElo "1967"]
[Annotator "ChessBase"]
[PlyCount "46"]
[EventDate "2020.03.04"]
[EventType "swiss"]
[EventCountry "TUR"]
[SourceTitle "playchess.com"]
[Source "ChessBase"]
[SourceQuality "1"]
[TimeControl "5400+30"]

1. e4 {[%emt 0:00:30]} c5 {[%emt 0:00:30]} 2. Nf3 {[%emt 0:00:30]} Nc6 {[%emt 0:00:00]} 3. d4 {[%emt 0:00:00]} cxd4 {[%emt 0:00:00]} 4. Nxd4 {[%emt 0:00:00]} g6 {[%emt 0:00:30]} 5. Be3 {[%emt 0:03:30]} Bg7 {[%emt 0:00:30]} 6. c4 {[%emt 0:00:30]} Nf6 {[%emt 0:02:30]} 7. Nc3 {[%emt 0:00:30]} d6 {[%emt 0:00:30]} 8. Be2 {[%emt 0:00:30]} O-O {[%emt 0:00:30]} 9. O-O {[%emt 0:00:00]} Bd7 {[%emt 0:04:30]} 10. Rc1 {[%emt 0:01:00]} Nxd4 {[%emt 0:08:30]} 11. Bxd4 {[%emt 0:00:30]} Bc6 {[%emt 0:00:30]} 12. Bf3 {[%emt 0:01:30]} Qa5 {[%emt 0:03:30]} 13. Qb3 {[%emt 0:09:30]} Nxe4 {[%emt 0:04:30]} 14. Bxg7 {[%emt 0:22:30]} Nd2 {[%emt 0:05:30]} 15. Bxf8 {[%emt 0:06:30]} Nxf3+ {[%emt 0:02:30]} 16. Kh1 {[%emt 0:50:30]} Nd2 {[%emt 0:08:30]} 17. Kg1 {[%emt 0:00:30]} Nf3+ {[%emt 0:00:30]} 18. Kh1 {[%emt 0:00:30]} Qe5 {[%emt 0:00:30]} 19. g3 {[%emt 0:00:00]} Qh5 {[%emt 0:00:00]} 20. h4 {[%emt 0:00:00]} Qg4 {[%emt 0:01:00]} 21. Kg2 {[%emt 0:00:00]} Nxh4+ {[%emt 0:00:30]} 22. Kh2 {[%emt 0:00:00]} Nf3+ {[%emt 0:00:30]} 23. Kg2 {[%emt 0:00:00]} Ne1+ {[%emt 0:00:30]} 0-1

[Event "8th Ali Ipek Tournament 2020"]
[Site "Ankara"]
[Date "2020.03.06"]
[Round "3.8"]
[White "Kamisli, Yigit"]
[Black "Alkan, Ferman"]
[Result "0-1"]
[WhiteElo "1393"]
[BlackElo "1858"]
[Annotator "NA"]
[PlyCount "56"]
[EventDate "2020.03.04"]
[EventType "swiss"]
[EventCountry "TUR"]
[SourceTitle "playchess.com"]
[Source "ChessBase"]
[SourceQuality "1"]
[TimeControl "5400+30"]

{[%evp 16,56,-8,32767,32767,-25,32767,32767,32767,-403,-333,-330,-353,32767,32767,32767,32767,32767,32767,-418,-410,32767,32767,-525,-552,-783,-765,-777,32767,32767,32767,32767,32767,-812,-832,-798,-802,-800,-832,-787,-856,-768,-904]} 1. d4 {[%emt 0:00:30]} Nf6 {[%emt 0:00:30]} 2. Nf3 {[%emt 0:00:30]} g6 {[%emt 0:00:00]} 3. c4 {[%emt 0:00:30]} c5 {[%emt 0:00:00]} 4. g3 {[%emt 0:01:30]} Bg7 {[%emt 0:02:30]} 5. Bg2 {[%emt 0:00:30]} O-O {[%emt 0:00:00]} 6. O-O {[%emt 0:02:30]} d6 {[%emt 0:06:00]} 7. Nc3 {[%emt 0:00:30]} Nc6 {[%emt 0:01:30]} 8. h3 {[%emt 0:11:30]} cxd4 {[%emt 0:01:30]} 9. Nxd4 {[%emt 0:00:30]} Bd7 {[%emt 0:00:30] E65: King's Indian: Fianchetto: 6...c5 7 0-0 without d5 by White.} 10. Re1 {[%emt 0:13:30]} Qc8 {[%emt 0:00:30]} 11. Kh2 {[%emt 0:00:30]} Nxd4 {[%emt 0:00:30] [#]} 12. Be3 $146 {[%emt 0:11:30]} ({Predecessor:} 12. e3 Nc6 13. e4 Ne5 14. b3 a6 15. Rb1 b5 16. f4 Neg4+ 17. hxg4 Nxg4+ 18. Kg1 Qxc4 19. Be3 Nxe3 {0-1 (19) Krska,V (1733)-Somer,J (1810) Czechia 2006}) 12... Nc6 {[%emt 0:02:30]} 13. Rc1 {[%emt 0:00:30]} Qd8 {[%emt 0:01:30]} 14. b3 {[%emt 0:06:30]} Rc8 {[%emt 0:01:30]} 15. Qd2 {[%emt 0:06:30]} a6 {[%emt 0:08:30]} 16. Na4 {[%emt 0:03:30]} Qa5 {[%emt 0:05:30]} 17. Qd1 $2 {[%emt 0:09:30]} (17. Qxa5 Nxa5 18. Nb6) 17... Qh5 {[%emt 0:04:30]} 18. f3 {[%emt 0:04:30]} Ne5 {[%emt 0:01:30]} 19. Bf4 {[%emt 0:05:57]} Bxa4 {[%emt 0:02:30]} 20. g4 {[%emt 0:02:35]} Qh4 {[%emt 0:00:30]} 21. bxa4 {[%emt 0:10:40]} Nexg4+ {[%emt 0:02:30]} 22. fxg4 {[%emt 0:02:25]} Nxg4+ {[%emt 0:00:30]} 23. Kg1 {[%emt 0:00:16]} Qf2+ {[%emt 0:00:00]} 24. Kh1 {[%emt 0:00:07]} Qxf4 {[%emt 0:00:00]} 25. hxg4 {[%emt 0:01:01]} Be5 {[%emt 0:00:30]} 26. Kg1 {[%emt 0:00:13]} Bd4+ {[%emt 0:00:00]} 27. e3 {[%emt 0:02:19]} Bxe3+ {[%emt 0:00:00]} 28. Rxe3 {[%emt 0:00:47]} Qxe3+ $19 {[%emt 0:00:00]} 0-1

[Event "8th Ali Ipek Tournament 2020"]
[Site "Ankara"]
[Date "2020.03.06"]
[Round "3.9"]
[White "Caberoglu, Arda"]
[Black "Aydin, Aytac"]
[Result "1/2-1/2"]
[WhiteElo "1784"]
[BlackElo "1652"]
[Annotator "NA"]
[PlyCount "143"]
[EventDate "2020.03.04"]
[EventType "swiss"]
[EventCountry "TUR"]
[SourceTitle "playchess.com"]
[Source "ChessBase"]
[SourceQuality "1"]
[TimeControl "5400+30"]

1. d4 {[%emt 0:00:30]} d5 {[%emt 0:00:30]} 2. Nf3 {[%emt 0:00:30]} c5 {[%emt 0:00:00]} 3. c4 {[%emt 0:00:00]} dxc4 {[%emt 0:00:00]} 4. e3 {[%emt 0:01:00]} Nf6 {[%emt 0:00:30]} 5. Bxc4 {[%emt 0:00:30]} e6 {[%emt 0:01:30]} 6. O-O {[%emt 0:02:30]} Nc6 {[%emt 0:00:30]} 7. Nc3 {[%emt 0:01:30]} cxd4 {[%emt 0:00:30]} 8. exd4 {[%emt 0:02:30]} Be7 {[%emt 0:05:30]} 9. a3 {[%emt 0:11:30]} O-O {[%emt 0:03:30]} 10. b4 {[%emt 0:01:30]} b6 {[%emt 0:06:30]} 11. Be3 {[%emt 0:11:30]} Bb7 {[%emt 0:02:30]} 12. Qb3 {[%emt 0:00:30]} Rc8 {[%emt 0:02:30]} 13. Rfd1 {[%emt 0:02:30]} Qc7 {[%emt 0:02:30]} 14. Nb5 {[%emt 0:12:30]} Qb8 {[%emt 0:07:30]} 15. Rac1 {[%emt 0:02:30]} a6 {[%emt 0:02:30]} 16. Nc3 {[%emt 0:00:30]} b5 {[%emt 0:00:00]} 17. Bd3 {[%emt 0:13:30]} Rfd8 {[%emt 0:05:00]} 18. h3 {[%emt 0:02:30]} h6 {[%emt 0:00:30]} 19. Qb1 {[%emt 0:02:30]} Bd6 {[%emt 0:04:30]} 20. Ne4 {[%emt 0:04:30]} Nxe4 {[%emt 0:01:30]} 21. Bxe4 {[%emt 0:00:30]} Ne7 {[%emt 0:01:30]} 22. Ne5 {[%emt 0:01:30]} Qa8 {[%emt 0:12:30]} 23. Rxc8 {[%emt 0:06:17]} Rxc8 {[%emt 0:02:30]} 24. Bh7+ {[%emt 0:00:50]} Kf8 {[%emt 0:01:30]} 25. Nd7+ {[%emt 0:00:30]} Ke8 {[%emt 0:00:30]} 26. Nb6 {[%emt 0:00:00]} Qb8 {[%emt 0:00:30]} 27. Nxc8 {[%emt 0:00:00]} Qxc8 {[%emt 0:00:30]} 28. Be4 {[%emt 0:01:37]} f5 {[%emt 0:03:30]} 29. Rc1 {[%emt 0:05:25]} Qa8 {[%emt 0:00:30]} 30. Bxb7 {[%emt 0:00:20]} Qxb7 {[%emt 0:00:30]} 31. Qc2 {[%emt 0:00:30]} Kd7 {[%emt 0:00:30]} 32. Qe2 {[%emt 0:00:35]} f4 {[%emt 0:09:30]} 33. Bd2 {[%emt 0:01:15]} Qd5 {[%emt 0:00:30]} 34. Re1 {[%emt 0:07:44]} Nf5 {[%emt 0:04:33]} 35. Qe4 {[%emt 0:01:32]} Nxd4 {[%emt 0:01:55]} 36. Bxf4 {[%emt 0:01:50]} Bxf4 {[%emt 0:00:03]} 37. Qxf4 {[%emt 0:00:11]} Ne2+ {[%emt 0:00:35]} 38. Rxe2 {[%emt 0:00:21]} Qd1+ {[%emt 0:00:02]} 39. Kh2 {[%emt 0:00:30]} Qxe2 {[%emt 0:00:00]} 40. Qd4+ {[%emt 0:00:19]} Kc6 {[%emt 0:01:57]} 41. Qxg7 {[%emt 0:01:14]} Qxf2 {[%emt 0:00:50]} 42. Qxh6 {[%emt 0:00:07]} Kd5 {[%emt 0:00:18]} 43. Qh5+ {[%emt 0:00:25]} Kd6 {[%emt 0:02:08]} 44. Qf3 {[%emt 0:00:38]} Qb2 {[%emt 0:00:22]} 45. Qe3 {[%emt 0:01:37]} Kd5 {[%emt 0:01:41]} 46. h4 {[%emt 0:00:28]} Qh8 {[%emt 0:03:44]} 47. Qd3+ {[%emt 0:00:48]} Kc6 {[%emt 0:00:18]} 48. Qf3+ {[%emt 0:00:35]} Kd6 {[%emt 0:00:35]} 49. h5 {[%emt 0:00:07]} e5 {[%emt 0:00:23]} 50. Qd3+ {[%emt 0:01:01]} Ke6 {[%emt 0:00:13]} 51. Qg6+ {[%emt 0:00:35]} Kd5 {[%emt 0:00:05]} 52. h6 {[%emt 0:00:00]} e4 {[%emt 0:00:17]} 53. Qf7+ {[%emt 0:01:16]} Kc6 {[%emt 0:00:20]} 54. Qe6+ {[%emt 0:00:07]} Kc7 {[%emt 0:00:46]} 55. Qe7+ {[%emt 0:00:36]} Kb6 {[%emt 0:00:27]} 56. Qc5+ {[%emt 0:01:20]} Kb7 {[%emt 0:00:12]} 57. Qd5+ {[%emt 0:00:06]} Kb6 {[%emt 0:00:23]} 58. Qd6+ {[%emt 0:00:38]} Kb7 {[%emt 0:00:34]} 59. Qe7+ {[%emt 0:00:22]} Kb6 {[%emt 0:00:15]} 60. h7 {[%emt 0:00:29]} Qb8+ {[%emt 0:00:47]} 61. Kg1 {[%emt 0:00:39]} Qh8 {[%emt 0:01:04]} 62. Qxe4 {[%emt 0:00:50]} Kc7 {[%emt 0:00:21]} 63. Qe7+ {[%emt 0:00:00]} Kb8 {[%emt 0:00:48]} 64. Qd6+ {[%emt 0:00:14]} Ka7 {[%emt 0:00:22]} 65. Qc5+ {[%emt 0:00:38]} Kb7 {[%emt 0:00:43]} 66. Qd5+ {[%emt 0:00:12]} Kb6 {[%emt 0:00:04]} 67. Qg8 {[%emt 0:00:32]} Qd4+ {[%emt 0:00:04]} 68. Kf1 {[%emt 0:00:35]} Qf4+ {[%emt 0:00:50]} 69. Ke2 {[%emt 0:00:05]} Qe4+ {[%emt 0:00:00]} 70. Kf1 {[%emt 0:00:35]} Qf4+ {[%emt 0:00:12]} 71. Kg1 {[%emt 0:00:45]} Qd4+ {[%emt 0:00:08]} 72. Kf1 {[%emt 0:00:00]} 1/2-1/2

[Event "8th Ali Ipek Tournament 2020"]
[Site "Ankara"]
[Date "2020.03.07"]
[Round "3.10"]
[White "Kesgin, Murat Can"]
[Black "Demirci, Murat"]
[Result "0-1"]
[WhiteElo "1551"]
[BlackElo "1821"]
[Annotator "NA RC"]
[PlyCount "96"]
[EventDate "2020.03.04"]
[EventType "swiss"]
[EventCountry "TUR"]
[TimeControl "5400+30"]

1. d4 {[%emt 0:00:30]} Nf6 {[%emt 0:03:30]} 2. c4 {[%emt 0:00:30]} g6 {[%emt 0:00:30]} 3. Nc3 {[%emt 0:00:30]} Bg7 {[%emt 0:00:30]} 4. Nf3 {[%emt 0:00:00]} O-O {[%emt 0:00:00]} 5. g3 {[%emt 0:00:00]} d5 {[%emt 0:01:00]} 6. Bg2 {[%emt 0:02:30]} dxc4 {[%emt 0:00:00]} 7. O-O {[%emt 0:00:00]} c5 {[%emt 0:11:00]} 8. dxc5 {[%emt 0:06:00]} Qa5 {[%emt 0:02:30]} 9. Be3 {[%emt 0:04:30]} Ng4 {[%emt 0:10:30]} 10. Qc1 {[%emt 0:00:00]} Na6 {[%emt 0:06:30]} 11. Nd5 {[%emt 0:10:00]} e6 {[%emt 0:06:30]} 12. Ne7+ {[%emt 0:02:30]} Kh8 {[%emt 0:00:30]} 13. c6 {[%emt 0:00:30]} b5 {[%emt 0:16:30]} 14. Bg5 {[%emt 0:15:30]} Qb4 {[%emt 0:05:30]} 15. Nxc8 {[%emt 0:16:30]} Raxc8 {[%emt 0:00:30]} 16. Qf4 {[%emt 0:01:30]} f5 {[%emt 0:03:30]} 17. a3 {[%emt 0:10:30]} Qc5 {[%emt 0:04:30]} 18. h3 {[%emt 0:00:30]} Nf6 {[%emt 0:01:30]} 19. Bh6 {[%emt 0:02:30]} Qxc6 {[%emt 0:03:30]} 20. Bxg7+ {[%emt 0:00:30]} Kxg7 {[%emt 0:00:30]} 21. Nd4 {[%emt 0:01:30]} Qe8 {[%emt 0:08:09]} 22. Qe5 {[%emt 0:15:29]} Nc5 {[%emt 0:08:11]} 23. Bf3 {[%emt 0:04:43]} Kf7 {[%emt 0:00:27]} 24. Rfd1 {[%emt 0:02:32]} a6 {[%emt 0:01:17]} 25. Rac1 {[%emt 0:01:11]} Nfd7 {[%emt 0:01:02]} 26. Qd6 {[%emt 0:00:49]} Qe7 {[%emt 0:00:56]} 27. Nc6 {[%emt 0:01:42]} Qxd6 {[%emt 0:00:30]} 28. Rxd6 {[%emt 0:00:00]} Rc7 {[%emt 0:02:24]} 29. Rcd1 {[%emt 0:00:06]} Kf6 {[%emt 0:00:30]} 30. h4 {[%emt 0:00:53]} Ne5 {[%emt 0:01:12]} 31. Nxe5 {[%emt 0:00:30]} Kxe5 {[%emt 0:00:00]} 32. Kf1 {[%emt 0:01:17]} Rff7 {[%emt 0:00:19]} 33. Bc6 {[%emt 0:00:08]} Nd3 {[%emt 0:01:29]} 34. Be8 {[%emt 0:00:36]} Rfe7 {[%emt 0:00:41]} 35. exd3 {[%emt 0:00:33]} Kxd6 {[%emt 0:00:14]} 36. dxc4+ {[%emt 0:00:49]} Kc5 {[%emt 0:00:16]} 37. Rd8 {[%emt 0:00:32]} Kxc4 {[%emt 0:00:11]} 38. Ke2 {[%emt 0:00:01]} Kb3 {[%emt 0:00:10]} 39. Ra8 {[%emt 0:00:35]} Kxb2 {[%emt 0:00:25]} 40. Kf3 {[%emt 0:00:22]} e5 {[%emt 0:01:07]} 41. Ke3 {[%emt 0:00:30]} Rc3+ {[%emt 0:00:30]} 42. Ke2 {[%emt 0:00:11]} Rxa3 {[%emt 0:00:01]} 43. Bc6 {[%emt 0:00:16]} Rc7 {[%emt 0:00:00]} 44. Bd5 {[%emt 0:00:39]} a5 {[%emt 0:00:48]} 45. Rb8 {[%emt 0:00:43]} b4 {[%emt 0:00:20]} 46. Rb5 {[%emt 0:00:15]} Kc3 {[%emt 0:00:41]} 47. Bg8 {[%emt 0:00:55]} e4 {[%emt 0:00:30]} 48. Rd5 {[%emt 0:00:30]} b3 {[%emt 0:00:02]} 0-1